History Quiz

Random History or Clickable Quiz

The 3rd Thing You Need to Know: 18th Century People Quiz Stats

 Plays Quiz Updated Jan 18, 2020

Support Sporcle.
Go Orange.
Score 0/20 Timer 05:00
12 Plays Today
% Correct
Catherine the Great
88%
Antonio Stradivari
87.5%
Anders Celsius
86.6%
Alexander Hamilton
80.3%
Maria Theresa
73.9%
Paul Revere
73.5%
James Watt
71.8%
Frederick I of Prussia
69.3%
Jonathan Swift
69%
Alessandro Volta
68.3%
% Correct
Horatio Nelson
66.6%
Walter Scott
63.9%
Thomas Gainsborough
58.9%
Tadeusz Kościuszko
58.3%
Robert Walpole
58.3%
Aaron Burr
56.8%
Frederick the Great
50%
Henry Fielding
45.7%
Leonhard Euler
43.6%
Pierre Choderlos de Laclos
22.3%

From the Vault

Multiple NCAA Basketball Championships

by ESPN

Sports 5m
It's takes a lot to win it all. Twice. (Or eleven times.)
Remove Ads.
Support Sporcle.
Get the best of Sporcle when you Go Orange. This ad-free experience offers more features, more stats, and more fun while also helping to support Sporcle. Thank you for becoming a member.

Show Comments

Extras

Top Quizzes Today


Score Distribution

Your Account Isn't Verified!

In order to create a playlist on Sporcle, you need to verify the email address you used during registration. Go to your Sporcle Settings to finish the process.

Report this User

Report this user for behavior that violates our Community Guidelines.

Details: